| 000 | 00937cam a22002771 4500 | ||
|---|---|---|---|
| 001 | rc 01002001 | ||
| 003 | DLC | ||
| 005 | 20260227111905.0 | ||
| 007 | cr_||||||||||| | ||
| 008 | 790118s1883 ilub b 000 0 eng | ||
| 010 | _arc 01002001 | ||
| 035 | _a(OCoLC)4563704 | ||
| 040 |
_aDLC _cOCl _dICIU _dDLC |
||
| 042 | _apremarc | ||
| 043 | _an-us-il | ||
| 050 | 0 | 0 |
_aF541 _b.B63 |
| 100 | 1 |
_aBlanchard, Rufus, _d1821-1904. |
|
| 245 | 0 | 0 |
_aHistory of Illinois, to accompany an historical map of the state. _cBy Rufus Blanchard. |
| 260 |
_aChicago, _bNational school furnishing co., _c1883. |
||
| 300 |
_a128 p. _bmap. _c23 cm. |
||
| 501 | _aBound with this is colored map, ca. 70 x 85 cm., mounted on linen. | ||
| 504 | _a"Authorities consulted": p. 78. | ||
| 530 | _aAlso available in digital form on the Internet Archive Web site. | ||
| 651 | 0 |
_aIllinois _xHistory. |
|
| 856 | 4 | 1 | _uhttp://hdl.loc.gov/loc.gdc/scd0001.00147524067 |
| 999 |
_c52221 _d52221 |
||